MARC

LEADER 00000nam0a2200000 4500
001 146785
005 20260414163643.0
035 |a (RuTPU)RU\TPU\book\159113 
090 |a 146785 
100 |a 20081105d1906 km y0rusy50 ca 
101 1 |a rus  |c ger 
102 |a RU 
105 |a y z 000zy 
200 1 |a Описание учебной коллекции горных пород геологического кабинета  |f Томский технологический институт (ТТИ) Императора Николая II ; пер. с нем. В. Д. Рязанова, под ред. В. А. Обручева 
210 |a Томск  |c Паровая типо-лит. П. И. Макушина  |d 1906 
215 |a 242 с. 
300 |a Литогр. изд. 
300 |a Текст в русской дореформенной орфографии 
316 |5 63413507: ШкА/3122  |a Владельческий переплет ТТИ 
422 1 |0 (RuTPU)RU\TPU\book\159056  |t Курс петрографии  |o лекции, читанные студентам Института  |f В. А. Обручев  |g Томский технологический институт (ТТИ)  |c Томск  |n Технологический ин-т  |d 1905  |p 578 с.  |a Обручев, Владимир Афанасьевич 
606 1 |a Петрография описательная  |2 stltpush  |3 (RuTPU)RU\TPU\subj\72161  |9 85737 
610 1 |a горные породы 
610 1 |a учебные коллекции 
610 1 |a описание 
610 1 |a геологический кабинет 
610 1 |a глубинные породы 
610 1 |a эффузивные породы 
610 1 |a осадочные горные породы 
610 1 |a Коллекция В. А. Обручева 
610 1 |a Коллекция Труды ученых ТПУ 
610 1 |a труды учёных ТПУ 
675 |a 552.1  |v 3 
702 1 |a Рязанов  |b В. Д.  |4 730 
702 1 |a Обручев  |b В. А.  |c российский геолог  |c профессор Томского технологического института  |c исследователь Сибири, Центральной и Средней Азии  |c географ  |f 1863-1956  |g Владимир Афанасьевич  |3 (RuTPU)RU\TPU\pers\996  |4 340 
712 0 2 |a Томский технологический институт (ТТИ)  |c (1896-1930)  |3 (RuTPU)RU\TPU\col\9244 
801 1 |a RU  |b 63413507  |c 20081105  |g PSBO 
801 2 |a RU  |b 63413507  |c 20191128  |g PSBO 
942 |c BK